| 000 | 00757nam a2200205Ii 4500 | ||
|---|---|---|---|
| 003 | JO-AjNU | ||
| 008 | 230605s9999||||xx |||||||||||||| ||und|| | ||
| 040 |
_aJO-AjNU _bara _erda _cJO-AjNU |
||
| 041 | _aara | ||
| 050 | 1 | 4 | _aHT421 .J3 1994 |
| 100 | 3 |
_aالجوهري،محمد / م.مشارك: علياء شكري, _eauthor _97051 |
|
| 245 | 0 | 0 | _aعلم الاجتماع الريفي والحضري |
| 264 | 3 | 1 | _aالاسكندرية: دار المعرفة الجامعية، 1994 |
| 300 | _a459ص | ||
| 336 |
_atext _btxt _2rdacontent |
||
| 337 |
_aunmediated _bn _2rdamedia |
||
| 338 |
_avolume _bnc _2rdacarrier |
||
| 490 | 0 | _aسلسلة علم الاجتماع المعاصر | |
| 650 | 4 |
_aعلم اجتماع ريفي - علم اجتماع حضري _97052 |
|
| 999 |
_aA83 _c3651 _d3651 |
||